LEADER 01254nam a2200265 i 4500 001 000000115595 003 CaOOAMICUS 005 20040915000000.0 008 040915s1999 it u000 u ita u 013 $a88284 040 $aSeMil$bita 100 1 $aCajani, Francesca.$0(OLS)http://semarc/name/48279 245 10$aInternazionalizzazione di un'impresa televisiva :$bil caso Fininvest in Europa /$cFrancesca Cajani ; presentazione di Dario Rivolta, introduzione di Piermarco Aroldi. 260 $aBesana Brianza :$bGR Edizioni,$c1999. 300 $aXIII, 215 p. :$btabelle ;$c24 cm. 500 $aTesi di Laurea. - Contiene : Appendice. - Dono del Card. Dionigi Tettamanzi. 650 4$aFininvest - Europa.$0(OLS)http://semarc/subject/21183 700 1 $aAroldi, Piermarco.$0(OLS)http://semarc/name/43067 700 1 $aRivolta, Dario.$0(OLS)http://semarc/name/48280 850 $aSeMil 852 $aSeMil$W1$xVenegono$y1$m3M IV 7$j71107$B71107$CSeMilBibl$Z2$F86465 $81 941 1 $a5 961 $aOmaggio: Tettamanzi Card. Dionigi 996 $6245$aInternazionalizzazione di un'impresa televisiva :$bil caso Fininvest in Europa$9(OLS)http://semarc/title/169342 996 $6260$aBesana Brianza :$bGR Edizioni$9(OLS)http://semarc/publisher/34133 LEADER 01165nam a2200277 i 4500 001 000000124693 003 CaOOAMICUS 005 20180516000000.0 008 180516s2013 it u000 u ita u 013 $a97390 020 $a978-88-04-43294-4 040 $aSeMil$bita 245 13$aIl libro delle canzoni dei Beatles /$cA cura di Alan Aldridge ; Traduzione di Umberto Santucci. 260 $aMilano :$bOscar Mondadori,$c2013. 300 $a212 p. :$bill. ;$c19 cm. 490 0 $aOscar varia ;$v1413 650 4$aThe Beatles .$0(OLS)http://semarc/subject/42568 700 1 $aSantucci, Umberto.$0(OLS)http://semarc/name/92115 700 1 $aAldridge, Alan.$0(OLS)http://semarc/name/58152 830 0$aOscar varia ;$v1413.$0(OLS)http://semarc/title/22930 850 $aSeMil 852 $aSeMil$W1$xVenegono$y1$m3Q I 146$j79231$B79231$CSeMilBibl$Z2$F81400 $81 961 $aLascito: Coronelli don Renato 996 $6020$a978-88-04-43294-4$9(OLS)http://semarc/number/273538 996 $6245$aIl libro delle canzoni dei Beatles$9(OLS)http://semarc/title/407958 996 $6260$aMilano :$bOscar Mondadori$9(OLS)http://semarc/publisher/30178